[Event "99th YMCA Autumn D"]
[Site "Warszawa"]
[Date "2011.11.14"]
[Round "9"]
[White "Pajak, Jakub"]
[Black "Blank, Kamil"]
[Result "0-1"]
[WhiteElo "1694"]
[BlackElo "1667"]
[PlyCount "88"]
[EventDate "2011.09.19"]
[EventType "tourn"]
[EventRounds "1"]
[EventCountry "POL"]
[SourceDate "2011.09.20"]

1. e4 c5 2. Nf3 d6 3. d4 cxd4 4. Nxd4 Nf6 5. Nc3 g6 6. f3 Bg7 7. Be3 O-O 8. Qd2
Nc6 9. O-O-O d5 10. Nxc6 bxc6 11. exd5 Nxd5 12. Nxd5 cxd5 13. Qxd5 Qc7 14. Qc5
Qb8 15. Bd4 Bf5 16. Bxg7 Rc8 17. Qxc8+ Qxc8 18. Bc3 Qe6 19. Kb1 Qc6 20. Bd3 Rc8
21. Bxf5 gxf5 22. Rd2 f6 23. Re1 Kf7 24. Rde2 e5 25. f4 exf4 26. Re7+ Kg8 27.
Rxa7 Qxg2 28. Ra5 f3 29. Rxf5 Rxc3 30. bxc3 f2 31. Rc1 Kg7 32. h4 Kg6 33. Rf4
Qg3 34. Rc4 Kf5 35. Rc5+ Ke4 36. Rc6 f5 37. Rc5 Qg1 38. Rc4+ Ke3 39. Rd4 f1=Q
40. Rxf1 Qxf1+ 41. Kb2 f4 42. a4 f3 43. Rd3+ Qxd3 44. cxd3 f2 0-1

[Event "99th YMCA Autumn D"]
[Site "Warszawa"]
[Date "2011.11.14"]
[Round "9"]
[White "Litner, Igor"]
[Black "Kasperski, Marcin"]
[Result "0-1"]
[WhiteElo "1676"]
[BlackElo "1701"]
[PlyCount "172"]
[EventDate "2011.09.19"]
[EventType "tourn"]
[EventRounds "1"]
[EventCountry "POL"]
[SourceDate "2011.09.20"]

1. d4 Nf6 2. c4 g6 3. Nc3 d5 4. cxd5 Nxd5 5. e4 Nxc3 6. bxc3 Bg7 7. Bc4 c5 8.
Ne2 O-O 9. O-O cxd4 10. cxd4 Nc6 11. Be3 Na5 12. Bb3 Nxb3 13. Qxb3 b6 14. Rac1
Ba6 15. Rfe1 Bxe2 16. Rxe2 Qd7 17. d5 Rfc8 18. Rec2 Rxc2 19. Qxc2 e6 20. Qc6
Qxc6 21. dxc6 Rc8 22. Bf4 Bd4 23. Bd6 f5 24. e5 b5 25. Kf1 g5 26. a3 Kf7 27.
Ke2 g4 28. f3 h5 29. Kd3 Bb6 30. f4 Kg6 31. g3 h4 32. Rc2 h3 33. Kd2 Kf7 34.
Kc1 Ke8 35. Kb2 Kd8 36. a4 bxa4 37. Ka3 Bg1 38. Kxa4 Bxh2 39. c7+ Kd7 40. Rxh2
Rh8 41. Kb5 a5 42. Kxa5 Ra8+ 43. Kb5 Ra1 44. Rc2 Rb1+ 45. Ka4 Kc8 46. Be7 Rg1
47. Bh4 Rg2 48. Rc1 h2 49. Rh1 Kxc7 50. Kb5 Rc2 51. Be7 Rg2 52. Bg5 Rc2 53. Be7
Rg2 54. Bd6+ Kb7 55. Bb4 Kc7 56. Bc5 Rb2+ 57. Kc4 Kc6 58. Bd4 Rg2 59. Ba7 Rxg3
60. Rxh2 Rf3 61. Rh6 Rxf4+ 62. Kd3 Kd5 63. Bb8 Rf3+ 64. Ke2 Rb3 65. Bd6 g3 66.
Rg6 f4 67. Bc7 Ke4 68. Ba5 Kxe5 69. Bc7+ Kf5 70. Rg8 Rb2+ 71. Kf1 Ke4 72. Bxf4
Kxf4 73. Rf8+ Ke4 74. Rg8 g2+ 75. Kg1 e5 76. Rg7 Ke3 77. Rg8 e4 78. Rg7 Re2 79.
Rg8 Kd2 80. Ra8 e3 81. Ra2+ Kd3 82. Ra3+ Ke4 83. Ra8 Rf2 84. Ra7 Rd2 85. Re7+
Kd3 86. Ra7 e2 0-1

[Event "99th YMCA Autumn D"]
[Site "Warszawa"]
[Date "2011.11.17"]
[Round "9"]
[White "Rodak, Przemyslaw"]
[Black "Baranowicz, Jan"]
[Result "1/2-1/2"]
[WhiteElo "1551"]
[BlackElo "1672"]
[Annotator "M"]
[PlyCount "109"]
[EventDate "2011.09.19"]
[EventType "tourn"]
[EventRounds "1"]
[EventCountry "POL"]
[SourceDate "2011.09.20"]

1. d4 g6 2. c4 Bg7 3. Nc3 c5 4. e3 cxd4 5. exd4 b6 6. Nf3 Bb7 7. g3 Nc6 8. d5
Ne5 9. Nxe5 Bxe5 10. Bg2 Rc8 11. Qd3 Ba6 12. b3 b5 13. Qe3 Bg7 14. Bf1 b4 15.
Bb2 bxc3 16. Bxc3 Bxc3+ 17. Qxc3 Nf6 18. Bd3 O-O 19. Qd2 e6 20. dxe6 dxe6 21.
O-O Bb7 22. Rad1 Bf3 23. Rc1 Qd4 24. Qc2 Qg4 25. Rfe1 Rfd8 26. Bf1 Rd4 27. Bg2
Bxg2 28. Kxg2 Rcd8 29. Re2 h5 30. h3 Qg5 31. Rce1 Rd2 32. Qc1 Qa5 33. a3 Rxe2
34. Rxe2 Qf5 35. h4 e5 36. Rd2 Rd3 37. Rxd3 Qxd3 38. c5 Qxb3 39. c6 Qb8 40. c7
Qc8 41. Qg5 Qxc7 42. Qxf6 Qc5 43. Qd8+ Kg7 44. Qd3 Qc6+ 45. Kg1 f6 46. Qe3 Qb6
47. Qc3 Qb7 48. Qc5 Kf7 49. a4 Kg7 50. a5 Kf7 51. Qc4+ Kg7 52. a6 Qb6 53. Qd3
Kh6 54. Qd2+ g5 55. hxg5+ $11 1/2-1/2

[Event "99th YMCA Autumn D"]
[Site "Warszawa"]
[Date "2011.11.14"]
[Round "9"]
[White "Wilczynski, Adam"]
[Black "Gajewski, Wojciech"]
[Result "1-0"]
[WhiteElo "1680"]
[BlackElo "1486"]
[PlyCount "69"]
[EventDate "2011.09.19"]
[EventType "tourn"]
[EventRounds "1"]
[EventCountry "POL"]
[SourceDate "2011.09.20"]

1. c4 e5 2. g3 Nc6 3. Bg2 g6 4. Nc3 Bg7 5. e4 Nge7 6. Nge2 O-O 7. O-O d6 8. d3
f5 9. Bg5 h6 10. Be3 fxe4 11. dxe4 Be6 12. Nd5 Qd7 13. Qd2 Kh7 14. b4 Nd8 15.
c5 Nxd5 16. exd5 Bh3 17. Rac1 Bxg2 18. Kxg2 Nf7 19. Nc3 b6 20. Ne4 Rad8 21. c6
Qe7 22. h4 h5 23. f3 Bh6 24. Bxh6 Nxh6 25. Ng5+ Kg7 26. Ne6+ Kh7 27. Qg5 Qxg5
28. Nxg5+ Kg8 29. Ne6 Rc8 30. Nxf8 Rxf8 31. Rc3 Kg7 32. Ra3 Nf5 33. Rf2 Ra8 34.
Rd2 Ne3+ 35. Rxe3 1-0

[Event "99th YMCA Autumn D"]
[Site "Warszawa"]
[Date "2011.11.14"]
[Round "9"]
[White "Jarzyna, Michal"]
[Black "Powalka, Michal"]
[Result "0-1"]
[WhiteElo "1495"]
[BlackElo "1560"]
[PlyCount "74"]
[EventDate "2011.09.19"]
[EventType "tourn"]
[EventRounds "1"]
[EventCountry "POL"]
[SourceDate "2011.09.20"]

1. b3 Nf6 2. Bb2 g6 3. Nf3 Bg7 4. g3 O-O 5. Bg2 d6 6. O-O e5 7. d3 Nc6 8. c4
Nd7 9. a3 e4 10. Bxg7 exf3 11. Bxf8 fxg2 12. Kxg2 Nxf8 13. Nd2 h5 14. Nf3 Ne5
15. Nxe5 dxe5 16. Qc2 h4 17. Rad1 Qd7 18. Qc3 hxg3 19. fxg3 Qh3+ 20. Kg1 Qh5
21. Qd2 Bg4 22. Rde1 Ne6 23. Qe3 Nd4 24. Rf2 Nc2 25. Qd2 Nxe1 26. Qxe1 Re8 27.
Qf1 Qh3 28. Qc1 f5 29. Qg5 Kf7 30. Qe3 b6 31. Qd2 Qh5 32. b4 Bh3 33. e4 Ke6 34.
c5 Rd8 35. Qa2+ Ke7 36. Qb3 Qg5 37. Qc2 Qe3 0-1

[Event "99th YMCA Autumn D"]
[Site "Warszawa"]
[Date "2011.11.22"]
[Round "10"]
[White "Budrewicz, Henryk"]
[Black "Powalka, Michal"]
[Result "0-1"]
[WhiteElo "1596"]
[BlackElo "1560"]
[PlyCount "76"]
[EventDate "2011.09.19"]
[EventType "tourn"]
[EventRounds "1"]
[EventCountry "POL"]
[SourceDate "2011.09.20"]

1. d4 Nf6 2. e3 g6 3. Bd3 Bg7 4. f4 d6 5. Nf3 c5 6. c3 O-O 7. O-O Nc6 8. e4
cxd4 9. Qe2 dxc3 10. bxc3 Bg4 11. Be3 Qa5 12. h3 Be6 13. g4 Rfc8 14. Nd4 Bd7
15. Nb3 Qd8 16. N1d2 h5 17. gxh5 Nxh5 18. Qg2 Bxc3 19. Rac1 Bg7 20. f5 Ne5 21.
Bb1 Rxc1 22. Nxc1 Rc8 23. fxg6 fxg6 24. Nf3 Nc4 25. Bg5 Qb6+ 26. Kh2 Qxb1 27.
Nd2 Nxd2 28. Bxd2 Be5+ 29. Kg1 Qb6+ 30. Rf2 Bg3 31. Nd3 Bb5 32. Qf3 Bxf2+ 33.
Nxf2 Rf8 34. Qb3+ Kh7 35. Be3 Bc4 36. Qc3 Rf3 37. Qxc4 Qxe3 38. Qc2 Qxf2+ 0-1

[Event "99th YMCA Autumn D"]
[Site "Warszawa"]
[Date "2011.11.21"]
[Round "10"]
[White "Gajewski, Wojciech"]
[Black "Jarzyna, Michal"]
[Result "1-0"]
[WhiteElo "1486"]
[BlackElo "1495"]
[PlyCount "71"]
[EventDate "2011.09.19"]
[EventType "tourn"]
[EventRounds "1"]
[EventCountry "POL"]
[SourceDate "2011.09.20"]

1. g3 e5 2. Bg2 Nf6 3. d3 Nc6 4. Nd2 Bc5 5. e3 O-O 6. Ne2 d5 7. h3 Ne7 8. b3
Ng6 9. Bb2 Re8 10. O-O Bb6 11. c4 c6 12. e4 Be6 13. Qc2 d4 14. Nf3 c5 15. Bc1
Bc7 16. Kh2 h6 17. Nfg1 Bd7 18. f4 exf4 19. Nxf4 Bc6 20. Qf2 Rf8 21. Nf3 Bd6
22. Nxg6 fxg6 23. e5 Bxf3 24. exd6 Bxg2 25. Qxg2 Qxd6 26. Qxb7 Qe5 27. Qg2 Nh5
28. Bd2 Qd6 29. a3 Rae8 30. Rxf8+ Rxf8 31. b4 Nxg3 32. bxc5 Qc7 33. Qd5+ Kh7
34. Qd6 Rf2+ 35. Kxg3 Qxd6+ 36. cxd6 1-0

[Event "99th YMCA Autumn D"]
[Site "Warszawa"]
[Date "2011.11.24"]
[Round "10"]
[White "Baranowicz, Jan"]
[Black "Wilczynski, Adam"]
[Result "0-1"]
[WhiteElo "1672"]
[BlackElo "1680"]
[PlyCount "36"]
[EventDate "2011.09.19"]
[EventType "tourn"]
[EventRounds "1"]
[EventCountry "POL"]
[SourceDate "2011.09.20"]

1. e4 e6 2. d4 d5 3. Nc3 Bb4 4. e5 Ne7 5. a3 Bxc3+ 6. bxc3 c5 7. Qg4 O-O 8. h4
Nbc6 9. Nf3 Qa5 10. Bd2 Qa4 11. Bd3 c4 12. Bxh7+ Kxh7 13. Qh5+ Kg8 14. Ng5 Qxc2
15. Rh3 Qg6 16. Qf3 f6 17. h5 Qc2 18. Rc1 Qf5 0-1

[Event "99th YMCA Autumn D"]
[Site "Warszawa"]
[Date "2011.11.21"]
[Round "10"]
[White "Kasperski, Marcin"]
[Black "Praczukowski, Stanislaw"]
[Result "0-1"]
[WhiteElo "1701"]
[BlackElo "1678"]
[PlyCount "84"]
[EventDate "2011.09.19"]
[EventType "tourn"]
[EventRounds "1"]
[EventCountry "POL"]
[SourceDate "2011.09.20"]

1. e4 c5 2. Nf3 d6 3. d4 cxd4 4. Nxd4 Nf6 5. Nc3 a6 6. Be3 e6 7. f3 b5 8. Qd2
Nbd7 9. O-O-O Bb7 10. g4 h6 11. Kb1 Rc8 12. h4 b4 13. Na4 Qa5 14. b3 Nc5 15.
Nxc5 dxc5 16. Ne2 Be7 17. Ng3 Rd8 18. Qc1 Nd7 19. Be2 Qc7 20. Bf4 Qc6 21. Nh5
Rg8 22. g5 g6 23. Ng3 h5 24. Rd2 a5 25. Rhd1 e5 26. Be3 a4 27. Bc4 Qc7 28. Bb5
Bc6 29. Bxc6 Qxc6 30. Rd5 c4 31. Qd2 c3 32. Qd3 axb3 33. cxb3 Rc8 34. Kc2 Ra8
35. a4 Rxa4 36. Rxd7 Ra2+ 37. Kb1 c2+ 38. Kxa2 cxd1=Q 39. Rxe7+ Kxe7 40. Qxd1
Ra8+ 41. Kb1 Qc3 42. Bc5+ Ke8 0-1

[Event "99th YMCA Autumn D"]
[Site "Warszawa"]
[Date "2011.11.21"]
[Round "10"]
[White "Blank, Kamil"]
[Black "Litner, Igor"]
[Result "1-0"]
[WhiteElo "1667"]
[BlackElo "1676"]
[PlyCount "69"]
[EventDate "2011.09.19"]
[EventType "tourn"]
[EventRounds "1"]
[EventCountry "POL"]
[SourceDate "2011.09.20"]

1. e4 c5 2. Nf3 Nc6 3. d4 cxd4 4. Nxd4 Nf6 5. Nc3 g6 6. Be3 Bg7 7. Nxc6 bxc6 8.
Qd2 d5 9. O-O-O e6 10. exd5 cxd5 11. f3 O-O 12. Bh6 a5 13. Bxg7 Kxg7 14. g4 Bd7
15. h4 Qb6 16. h5 Rab8 17. b3 a4 18. hxg6 fxg6 19. Qh6+ Kg8 20. g5 Nh5 21. Rxh5
Qe3+ 22. Kb1 gxh5 23. Bd3 Rf7 24. Qxh5 axb3 25. axb3 Rg7 26. Rh1 Be8 27. Bxh7+
Kf8 28. Qh2 Rbb7 29. Qd6+ Rbe7 30. Bd3 Qxg5 31. f4 Qf6 32. Nxd5 Qf7 33. Rh8+
Rg8 34. Rxg8+ Kxg8 35. Nxe7+ 1-0

[Event "99th YMCA Autumn D"]
[Site "Warszawa"]
[Date "2011.10.24"]
[Round "10"]
[White "Sokur, Iwan"]
[Black "Pajak, Jakub"]
[Result "0-1"]
[WhiteElo "1456"]
[BlackElo "1694"]
[PlyCount "116"]
[EventDate "2011.09.19"]
[EventType "tourn"]
[EventRounds "1"]
[EventCountry "POL"]
[SourceDate "2011.09.20"]

1. d4 c5 2. c3 Nf6 3. Nf3 g6 4. Bf4 b6 5. Nbd2 Bb7 6. Be5 Bg7 7. e4 d6 8. Bxf6
exf6 9. Bb5+ Nd7 10. O-O O-O 11. Re1 Re8 12. Qc2 a6 13. Bxd7 Qxd7 14. d5 Re7
15. Re2 Bxd5 16. c4 Bc6 17. Kf1 Rae8 18. Rae1 Bh6 19. b3 Qb7 20. Qd3 Bxd2 21.
Nxd2 Qd7 22. f3 b5 23. Kf2 b4 24. Ra1 f5 25. Rae1 fxe4 26. Nxe4 Bxe4 27. Rxe4
Rxe4 28. Rxe4 Rxe4 29. Qxe4 Qd8 30. Qc6 a5 31. g3 Kg7 32. h4 Qf6 33. Qa4 Qd4+
34. Ke2 Qb2+ 35. Ke3 Qc1+ 36. Ke2 Qa3 37. Qxa3 bxa3 38. Ke3 Kf6 39. Ke4 Ke6 40.
g4 h6 41. g5 f5+ 42. Kf4 h5 43. Ke3 Kd7 44. Kd3 Kc7 45. Kc2 Kb6 46. f4 Kc6 47.
Kc3 d5 48. cxd5+ Kxd5 49. Kd3 Kc6 50. Kc4 Kb6 51. Kd5 Kb5 52. Ke6 Kb4 53. Kf6
a4 54. Kxg6 axb3 55. Kh7 bxa2 56. g6 a1=Q 57. g7 Qxg7+ 58. Kxg7 a2 0-1

[Event "99th YMCA Autumn D"]
[Site "Warszawa"]
[Date "2011.10.18"]
[Round "11"]
[White "Pajak, Jakub"]
[Black "Budrewicz, Henryk"]
[Result "0-1"]
[WhiteElo "1694"]
[BlackElo "1596"]
[PlyCount "92"]
[EventDate "2011.09.19"]
[EventType "tourn"]
[EventRounds "1"]
[EventCountry "POL"]
[SourceDate "2011.09.20"]

1. d3 b6 2. Nf3 Bb7 3. g3 d5 4. Nbd2 Nf6 5. Bg2 Nbd7 6. c4 e6 7. a3 c5 8. O-O
Bd6 9. Rb1 a5 10. Re1 d4 11. Nf1 Qc7 12. Bd2 O-O 13. b4 axb4 14. axb4 Ra2 15.
Qb3 Rfa8 16. bxc5 Bxc5 17. Bb4 e5 18. Bxc5 Qxc5 19. Qb5 Qe7 20. Nxe5 Bxg2 21.
Nxd7 Nxd7 22. Kxg2 R8a5 23. Qc6 Rc5 24. Qb7 Qd6 25. e3 Qf6 26. Qf3 Rf5 27. Re2
Rxf3 28. Rxa2 Qc6 29. Kg1 g6 30. Rd2 dxe3 31. Nxe3 Nc5 32. Nd5 Qe6 33. d4 Nb3
34. Rdb2 Nxd4 35. Rxb6 Qe5 36. Rb8+ Kg7 37. R8b2 Qe4 38. Ne3 Rxe3 39. fxe3
Qxe3+ 40. Rf2 Nf3+ 41. Kg2 Nxh2 42. Rbb2 Ng4 43. Rf4 h5 44. Rb7 Qe2+ 45. Kg1
Qh2+ 46. Kf1 Qh1+ 0-1

[Event "99th YMCA Autumn D"]
[Site "Warszawa"]
[Date "2011.11.10"]
[Round "11"]
[White "Litner, Igor"]
[Black "Sokur, Iwan"]
[Result "1/2-1/2"]
[WhiteElo "1676"]
[BlackElo "1456"]
[Annotator "M"]
[PlyCount "87"]
[EventDate "2011.09.19"]
[EventType "tourn"]
[EventRounds "1"]
[EventCountry "POL"]
[SourceDate "2011.09.20"]

1. d4 c5 2. dxc5 Nc6 3. Nc3 e5 4. g3 Bxc5 5. Ne4 d5 6. Nxc5 Qa5+ 7. c3 Qxc5 8.
Bg2 Be6 9. Nf3 Nf6 10. Be3 Qe7 11. Bg5 Rd8 12. e3 h6 13. Bxf6 Qxf6 14. O-O O-O
15. h3 d4 16. exd4 exd4 17. Nxd4 Nxd4 18. cxd4 Rxd4 19. Qf3 Qxf3 20. Bxf3 Bxh3
21. Rfd1 Rfd8 22. Rxd4 Rxd4 23. Bxb7 Rb4 24. Bd5 Rxb2 25. Rc1 Be6 26. Bb3 Bxb3
27. axb3 Rxb3 28. Rc8+ Kh7 29. Rc7 a5 30. Rxf7 a4 31. Ra7 a3 32. Ra6 h5 33. Kg2
g6 34. Ra7+ Kh6 35. Ra5 Kg7 36. Ra6 Kf7 37. f4 Rb2+ 38. Kh3 a2 39. Kh4 Rh2+ 40.
Kg5 Rg2 41. Ra7+ Ke6 42. Kxg6 Rxg3+ 43. Kxh5 Rg2 44. Ra5 $11 1/2-1/2

[Event "99th YMCA Autumn D"]
[Site "Warszawa"]
[Date "2011.11.28"]
[Round "11"]
[White "Praczukowski, Stanislaw"]
[Black "Blank, Kamil"]
[Result "1-0"]
[WhiteElo "1678"]
[BlackElo "1667"]
[PlyCount "87"]
[EventDate "2011.09.19"]
[EventType "tourn"]
[EventRounds "1"]
[EventCountry "POL"]
[SourceDate "2011.09.20"]

1. d4 Nf6 2. c4 g6 3. g3 Bg7 4. Bg2 O-O 5. Nc3 d6 6. Nf3 Nbd7 7. O-O e5 8. e4
c6 9. h3 Qc7 10. Be3 a5 11. d5 h5 12. Rc1 Nh7 13. Ne1 Ndf6 14. Qd2 c5 15. Nc2
Ne8 16. Na3 Bd7 17. Nab5 Qc8 18. Kh2 Qd8 19. Bh6 Qf6 20. Bxg7 Kxg7 21. f4 h4
22. gxh4 Qxh4 23. Qf2 Qxf4+ 24. Qxf4 exf4 25. Rxf4 f5 26. exf5 Rxf5 27. Rxf5
Bxf5 28. Be4 Bxe4 29. Nxe4 Rd8 30. Rf1 Nhf6 31. Ng5 Rd7 32. Ne6+ Kf7 33. Nc3
Ng7 34. Ne4 Nf5 35. N4g5+ Kg8 36. Nf4 Ne7 37. Nge6 Nh7 38. h4 Nf6 39. Kh3 Nh5
40. Nxh5 gxh5 41. Nf4 Kh8 42. Nxh5 b5 43. Rf8+ Ng8 44. Rxg8+ 1-0

[Event "99th YMCA Autumn D"]
[Site "Warszawa"]
[Date "2011.11.28"]
[Round "11"]
[White "Rodak, Przemyslaw"]
[Black "Kasperski, Marcin"]
[Result "1/2-1/2"]
[WhiteElo "1551"]
[BlackElo "1701"]
[Annotator "M"]
[PlyCount "193"]
[EventDate "2011.09.19"]
[EventType "tourn"]
[EventRounds "1"]
[EventCountry "POL"]
[SourceDate "2011.09.20"]

1. d4 Nf6 2. c4 g6 3. Nc3 Bg7 4. e4 d6 5. Be2 O-O 6. Bg5 Nbd7 7. Nf3 e5 8. dxe5
dxe5 9. Qc2 c6 10. Rd1 Qc7 11. h3 Nc5 12. O-O Ne6 13. Be3 b6 14. Rd2 Bb7 15.
Rfd1 Rfd8 16. Qa4 Nd7 17. Nh2 Nd4 18. Bf1 Nc5 19. Qa3 Nce6 20. b3 f5 21. exf5
gxf5 22. f3 c5 23. Bd3 Qf7 24. Qc1 Kh8 25. Qb1 Rg8 26. Kh1 Qh5 27. Rf1 Bf6 28.
Nd5 Bg5 29. Bxg5 Qxg5 30. Qe1 Rae8 31. Qxe5+ Qg7 32. Qxg7+ Rxg7 33. Re1 Rf8 34.
Nf1 Bxd5 35. cxd5 Nf4 36. Re5 Nxh3 37. Ne3 f4 38. Ng4 Ng5 39. Rd1 Ngxf3 40.
gxf3 Nxf3 41. Rh5 Rxg4 42. Rxh7+ Kg8 43. Rxa7 Rf6 44. Ra8+ Kf7 45. Ra7+ Kf8 46.
Ra8+ Ke7 47. Ra7+ Kd6 48. Rh7 Nd4 49. Rg1 Rxg1+ 50. Kxg1 Kxd5 51. Rh5+ Kc6 52.
Kf2 b5 53. Rh8 b4 54. Rc8+ Kd6 55. Rd8+ Kc7 56. Rd5 Kb6 57. Rd8 Nc6 58. Re8 Rd6
59. Be4 Kc7 60. Ke1 Nd4 61. Kf2 Re6 62. Rxe6 Nxe6 63. Kf3 Kd6 64. Bf5 Nd4+ 65.
Kxf4 Ne2+ 66. Ke3 Nc3 67. Kd3 Nxa2 68. Bg6 Nc3 69. Bf7 Nb5 70. Kc4 Na7 71. Bg8
Nc6 72. Kd3 Na5 73. Bf7 Ke5 74. Bg8 Kd6 75. Bf7 Nc6 76. Bg8 Ne5+ 77. Ke4 Nd7
78. Kd3 Kc6 79. Bh7 Kb5 80. Bg8 Ne5+ 81. Kc2 c4 82. bxc4+ Nxc4 83. Kb3 Nd2+ 84.
Kc2 Ne4 85. Kb3 Nc5+ 86. Kc2 Ka4 87. Kb2 Nd3+ 88. Kc2 Nc5 89. Kb2 Kb5 90. Kc2
Kc6 91. Kd2 Kd6 92. Kc2 Ke5 93. Kb2 Kd4 94. Kc2 Ke3 95. Bf7 Kd4 96. Bg8 Na4 97.
Kb3 $11 1/2-1/2

[Event "99th YMCA Autumn D"]
[Site "Warszawa"]
[Date "2011.12.01"]
[Round "11"]
[White "Jarzyna, Michal"]
[Black "Baranowicz, Jan"]
[Result "1/2-1/2"]
[WhiteElo "1495"]
[BlackElo "1672"]
[PlyCount "69"]
[EventDate "2011.09.19"]
[EventType "tourn"]
[EventRounds "1"]
[EventCountry "POL"]
[SourceDate "2011.09.20"]

1. b3 e5 2. Bb2 Nc6 3. e3 Nf6 4. c4 d5 5. cxd5 Nxd5 6. a3 Be7 7. Qc2 Bg4 8. Bb5
O-O 9. Bxc6 bxc6 10. Qxc6 Bf6 11. Nc3 Be6 12. b4 Rb8 13. Nge2 a5 14. e4 Nb6 15.
Nd1 axb4 16. axb4 Nc4 17. Bc3 Rb6 18. Qa4 Qd3 19. f3 Rd6 20. Nf2 Nb6 21. Nxd3
Nxa4 22. Rxa4 Rxd3 23. O-O Bg5 24. Bxe5 Rxd2 25. Ng3 Rc2 26. Bd4 Rd8 27. Bc5 g6
28. Raa1 Rdd2 29. Rf2 Be7 30. Rxd2 Bxc5+ 31. bxc5 Rxd2 32. Ra7 Rd1+ 33. Kf2
Rd2+ 34. Kg1 Rd1+ 35. Kf2 1/2-1/2

[Event "99th YMCA Autumn D"]
[Site "Warszawa"]
[Date "2011.11.28"]
[Round "11"]
[White "Powalka, Michal"]
[Black "Gajewski, Wojciech"]
[Result "1/2-1/2"]
[WhiteElo "1560"]
[BlackElo "1486"]
[PlyCount "81"]
[EventDate "2011.09.19"]
[EventType "tourn"]
[EventRounds "1"]
[EventCountry "POL"]
[SourceDate "2011.09.20"]

1. e4 c5 2. Nf3 g6 3. d4 cxd4 4. Nxd4 Bg7 5. Nc3 Nc6 6. Be3 Nf6 7. Bc4 Qa5 8.
O-O O-O 9. h3 d6 10. Kh1 Bd7 11. Bb3 a6 12. Qd2 Nxe4 13. Nxc6 Nxd2 14. Nxa5
Nxf1 15. Rxf1 b5 16. a3 e6 17. Rd1 d5 18. Nb7 Bc6 19. Na5 Bd7 20. f4 Rfb8 21.
Bd4 f6 22. Bc5 Be8 23. Nxd5 exd5 24. Bxd5+ Bf7 25. Bxa8 Rxa8 26. Rd7 Be6 27.
Rc7 Bh6 28. g3 Bxh3 29. c4 Be6 30. Be7 Bg7 31. c5 f5 32. b3 Bc3 33. Nc6 Bxb3
34. Ne5 Be6 35. Bf6 Rc8 36. Rg7+ Kf8 37. Rxh7 Bxe5 38. Bxe5 Rxc5 39. Bd6+ Kg8
40. Bxc5 Kxh7 41. Kg2 1/2-1/2

[Event "99th YMCA Autumn D"]
[Site "Warszawa"]
[Date "2011.11.29"]
[Round "12"]
[White "Budrewicz, Henryk"]
[Black "Gajewski, Wojciech"]
[Result "1-0"]
[WhiteElo "1596"]
[BlackElo "1486"]
[PlyCount "55"]
[EventDate "2011.09.19"]
[EventType "tourn"]
[EventRounds "1"]
[EventCountry "POL"]
[SourceDate "2011.09.20"]

1. d4 g6 2. Nf3 Bg7 3. e4 d6 4. Bd3 Nd7 5. c4 e5 6. d5 a5 7. Nc3 Ngf6 8. Bg5
Nc5 9. Bc2 Bd7 10. O-O h6 11. Bh4 O-O 12. h3 Qe8 13. g4 Nh7 14. Kh2 f5 15. gxf5
gxf5 16. Rg1 f4 17. Qe2 Kh8 18. Rg2 Rg8 19. Rag1 Qc8 20. Be7 Bxh3 21. Nh4 Ng5
22. Rxg5 Qe8 23. Rxg7 Rxg7 24. Bf6 Qf7 25. Bxg7+ Kh7 26. Kxh3 Rg8 27. Nf5 Nd7
28. Nxh6 1-0

[Event "99th YMCA Autumn D"]
[Site "Warszawa"]
[Date "2011.12.08"]
[Round "12"]
[White "Baranowicz, Jan"]
[Black "Powalka, Michal"]
[Result "0-1"]
[WhiteElo "1672"]
[BlackElo "1560"]
[PlyCount "84"]
[EventDate "2011.09.19"]
[EventType "tourn"]
[EventRounds "1"]
[EventCountry "POL"]
[SourceDate "2011.09.20"]

1. e4 e5 2. f4 d5 3. exd5 exf4 4. Nf3 Nf6 5. Nc3 Nxd5 6. Nxd5 Qxd5 7. d4 Bd6 8.
c4 Qe6+ 9. Be2 b6 10. O-O O-O 11. Qc2 Nd7 12. Ng5 Qg6 13. Qxg6 fxg6 14. Bf3 Rb8
15. Bd5+ Kh8 16. Nf7+ Rxf7 17. Bxf7 g5 18. Bd5 Nf6 19. Bc6 Bf5 20. b3 Bb4 21.
Bb2 Bd2 22. Kh1 Be3 23. Rae1 Bd3 24. Rf3 g4 25. Rfxe3 fxe3 26. Rxe3 Bb1 27. a3
Rf8 28. Kg1 h5 29. b4 Ba2 30. Bb5 c6 31. Bxc6 Bxc4 32. g3 Nd5 33. Re5 Rf1+ 34.
Kg2 Nf6 35. Bb5 Bxb5 36. Rxb5 Rb1 37. Bc3 Ne4 38. Rxh5+ Kg8 39. Be1 Rxe1 40.
Re5 Kf7 41. d5 Re2+ 42. Kf1 Nxg3+ 0-1

[Event "99th YMCA Autumn D"]
[Site "Warszawa"]
[Date "2011.12.05"]
[Round "12"]
[White "Kasperski, Marcin"]
[Black "Wilczynski, Adam"]
[Result "1-0"]
[WhiteElo "1701"]
[BlackElo "1680"]
[PlyCount "119"]
[EventDate "2011.09.19"]
[EventType "tourn"]
[EventRounds "1"]
[EventCountry "POL"]
[SourceDate "2011.09.20"]

1. e4 c5 2. Nf3 e6 3. d4 cxd4 4. Nxd4 a6 5. c4 Nf6 6. Nc3 Qc7 7. Be2 Bb4 8. Qd3
d5 9. exd5 exd5 10. Qe3+ Qe7 11. O-O Qxe3 12. Bxe3 dxc4 13. Bxc4 O-O 14. Nd5
Nxd5 15. Bxd5 Nd7 16. a3 Nf6 17. Bxf7+ Kxf7 18. axb4 Bd7 19. Nf3 Rfe8 20. Bd4
Bb5 21. Rfe1 Rxe1+ 22. Rxe1 Re8 23. Rxe8 Nxe8 24. Ng5+ Kg6 25. Ne6 Bc4 26. Nf8+
Kh6 27. h4 Nf6 28. Bxf6 gxf6 29. Nd7 Kg6 30. f3 Bb5 31. Nc5 Bc6 32. Kf2 Kf5 33.
Ke3 Ke5 34. Nb3 Bd7 35. g4 b6 36. Nd2 Be6 37. f4+ Kd6 38. Ne4+ Ke7 39. f5 Bf7
40. Kf4 h6 41. Ke3 Bd5 42. Nc3 Bb3 43. Kd4 Kd6 44. Ke4 Bc2+ 45. Kf4 Bb3 46.
Ne4+ Ke7 47. g5 hxg5+ 48. hxg5 fxg5+ 49. Kxg5 Bf7 50. Kf4 Bd5 51. Nc3 Bc4 52.
Ke5 Bb3 53. Nd5+ Bxd5 54. Kxd5 Kf6 55. Kc6 b5 56. Kb6 Kxf5 57. Kxa6 Ke6 58.
Kxb5 Kd7 59. Kb6 Kc8 60. Ka7 1-0

[Event "99th YMCA Autumn D"]
[Site "Warszawa"]
[Date "2011.11.22"]
[Round "12"]
[White "Blank, Kamil"]
[Black "Rodak, Przemyslaw"]
[Result "1/2-1/2"]
[WhiteElo "1667"]
[BlackElo "1551"]
[Annotator "M"]
[PlyCount "112"]
[EventDate "2011.09.19"]
[EventType "tourn"]
[EventRounds "1"]
[EventCountry "POL"]
[SourceDate "2011.09.20"]

1. e4 Nf6 2. Nc3 d5 3. e5 d4 4. exf6 dxc3 5. bxc3 exf6 6. d4 Bd6 7. Bd3 O-O 8.
Ne2 Re8 9. h3 b6 10. O-O Bb7 11. Nf4 Nd7 12. Qg4 Nf8 13. h4 Ng6 14. Nxg6 fxg6
15. h5 f5 16. Qh3 Bd5 17. hxg6 hxg6 18. c4 Kf7 19. Bxf5 Bxc4 20. Bd3 Bxd3 21.
Qxd3 Rh8 22. g3 Qf6 23. Qc4+ Kf8 24. Qd5 Re8 25. Bg5 Qf5 26. Qxf5+ gxf5 27.
Rfe1 Kf7 28. Kg2 Bb4 29. Re3 Rxe3 30. Bxe3 Ke6 31. c4 Rd8 32. Rd1 c6 33. Kf3
Rh8 34. Kf4 Kf6 35. d5 g5+ 36. Kf3 g4+ 37. Ke2 c5 38. Kd3 Re8 39. Kc2 Re7 40.
Rh1 Kg7 41. Rh5 Rf7 42. Rg5+ Kh7 43. Rh5+ Kg7 44. d6 Be1 45. Rh1 Ba5 46. Rh6
Rd7 47. Kd3 Be1 48. Ke2 Bc3 49. Bf4 Be5 50. Re6 Bxf4 51. gxf4 Kf7 52. Rh6 Kg7
53. Re6 a6 54. f3 gxf3+ 55. Kxf3 Kf7 56. Rh6 Kg7 $11 1/2-1/2

[Event "99th YMCA Autumn D"]
[Site "Warszawa"]
[Date "2011.10.27"]
[Round "12"]
[White "Sokur, Iwan"]
[Black "Praczukowski, Stanislaw"]
[Result "0-1"]
[WhiteElo "1456"]
[BlackElo "1678"]
[Annotator "M"]
[PlyCount "116"]
[EventDate "2011.09.19"]
[EventType "tourn"]
[EventRounds "1"]
[EventCountry "POL"]
[SourceDate "2011.09.20"]

1. d4 Nf6 2. Nf3 g6 3. Nc3 d5 4. Bf4 c6 5. e3 Bf5 6. Bd3 Bxd3 7. Qxd3 Bg7 8. e4
dxe4 9. Nxe4 Nxe4 10. Qxe4 Nd7 11. O-O Nf6 12. Qd3 O-O 13. c3 Nd5 14. Bg3 e6
15. Rfe1 Re8 16. Rad1 Qa5 17. Qc2 Rad8 18. a4 Ne7 19. b4 Qf5 20. Qc1 h6 21. h4
$11 Qh5 22. Re4 Qd5 23. Ree1 Qb3 24. Bf4 Kh7 25. Ne5 Rf8 26. Qa1 Bxe5 27. Rxe5
Rd5 28. Qc1 h5 29. Bh6 $11 Rfd8 30. Bg5 Rxe5 31. Bxe7 Rd7 32. Bf8 g5 33. hxg5
Rxg5 34. Qxg5 Qxd1+ 35. Kh2 Qg4 36. Qh6+ Kg8 37. Bc5 Qg7 38. Qxg7+ Kxg7 39.
Bxa7 b5 40. axb5 cxb5 41. Bb6 Kg6 42. Kg3 Rd5 43. Bc5 f6 44. f4 Kf5 45. Ba7 Rd7
46. Bb6 Rg7+ 47. Kf3 h4 48. Bd8 Rg3+ 49. Kf2 Rxc3 50. Be7 Rc4 51. Ke3 Rc2 52.
Kf3 Rd2 53. Bc5 Rd3+ 54. Ke2 Rg3 55. Kf2 Kxf4 56. Bd6+ e5 57. dxe5 fxe5 58. Be7
Rb3 0-1